|
|
|
|
| LEADER |
00000nam a2200000Ii 4500 |
| 001 |
DIGUCANT0058 |
| 003 |
NyNyDIG |
| 008 |
200221s2018 sp o 000 0 spa d |
| 006 |
m o d |
| 007 |
cr ||||||||||| |
| 035 |
|
|
|a (OCoLC)1142009278
|
| 040 |
|
|
|a DGITA
|b eng
|e rda
|e pn
|c DGITA
|
| 020 |
|
|
|a 9788481028515
|q (eBook ;
|q pdf)
|
| 020 |
|
|
|a 8481028517
|q (eBook ;
|q pdf)
|
| 020 |
|
|
|z 9788481028478
|q (rústica)
|
| 020 |
|
|
|z 8481028479
|q (rústica)
|
| 050 |
1 |
4 |
|a PC4105 ebook
|
| 100 |
1 |
|
|a Pérez Saiz, Manuel,
|e author.
|
| 245 |
1 |
0 |
|a Método de los relojes :
|b gramática descriptiva del español /
|c Manuel Pérez Saiz.
|
| 250 |
|
|
|a Cuarta edición revisada y ampliada.
|
| 264 |
|
1 |
|a Santander :
|b Ediciones Universidad Cantabria,
|c 2018.
|
| 300 |
|
|
|a 1 online resource.
|
| 336 |
|
|
|a text
|b txt
|2 rdacontent
|
| 337 |
|
|
|a computer
|b c
|2 rdamedia
|
| 338 |
|
|
|a online resource
|b cr
|2 rdacarrier
|
| 347 |
|
|
|a text file
|2 rdaft
|
| 347 |
|
|
|b PDF
|
| 490 |
1 |
|
|a Colección manuales ;
|v #41
|
| 588 |
0 |
|
|a Online resource; title from PDF title page (Digitalia, viewed February 21, 2020)
|
| 650 |
|
0 |
|a Spanish language
|x Grammar.
|
| 650 |
|
0 |
|a Spanish language
|x Grammar
|v Problems, exercises, etc.
|
| 655 |
|
0 |
|a Electronic books.
|
| 791 |
2 |
|
|a Digitalia (Firm),
|e distributor.
|
| 793 |
0 |
|
|g Digitalia eBook Collection:
|a Universidad de Cantabria
|
| 776 |
0 |
8 |
|i Print version:
|a Pérez Saiz, Manuel.
|t Método de los relojes.
|d Santander : Editorial de la Universidad de Cantabria, 2018
|z 9788481028478
|w (OCoLC)1123186751
|
| 830 |
|
0 |
|a Colección Manuales (Editorial Universidad de Cantabria) ;
|v #41.
|
| 856 |
4 |
0 |
|3 Digitalia Hispánica
|u https://www.digitaliapublishing.com/a/56300/
|
| 910 |
|
|
|a Premium collection: 2020
|